000 00253nam a22001097a 4500
999 _c65000
_d64997
082 _a297
_aKAU
100 _aKAUKAB SIDDIQUE
_aKAUKAB SIDDIQUE
245 _aISLAM the wave of the future
260 _aPAKISTAN
_bkARACHI
_c1993
300 _a74p
942 _cBK